[Event "EU-ch 2nd"]
[Site "Ohrid"]
[Date "2001.06.04"]
[Round "4"]
[White "Chernyshov, Konstantin"]
[Black "Beliavsky, Alexander G"]
[Result "1-0"]
[WhiteElo "2536"]
[BlackElo "2638"]
[Annotator "Finkel,A"]
[PlyCount "85"]
[EventDate "2001.06.01"]
[EventType "swiss"]
[EventRounds "13"]
[EventCountry "YUG"]
[SourceTitle "CBM 084"]
[Source "ChessBase"]
[SourceDate "2001.09.13"]
[SourceVersion "1"]
[SourceVersionDate "2001.09.13"]
[SourceQuality "1"]

1. d4 Nf6 2. Nc3 d5 3. Bg5 g6 4. Bxf6 exf6 5. Qd3 $6 {Chernyshov is famous for
his original style, but in the following game his opponent was great Beliavsky
himself, so this opening experiment was quiet dangerous one, but...} (5. e4
dxe4 6. Nxe4 Bg7 7. Bd3 (7. Bc4 $6 f5 8. Nc3 Qxd4 9. Qe2+ Qe5 10. O-O-O O-O 11.
Qxe5 Bxe5 12. Nd5 Nc6 13. a3 Kg7 14. f4 Bd6 $17 {Zoltek,T-Ziembinski,M/Rzeszow
1966/EXT 2001}) (7. Nf3 O-O 8. Be2 f5 9. Nc5 b6 10. Nb3 Bb7 11. O-O Nd7 12. c3
Nf6 13. Re1 a6 14. a4 Re8 15. a5 Nd5 16. Bf1 $14 {Alburt,L-Marjanovic,S/
Bucharest 1978/MCD}) 7... O-O 8. c3 f5 9. Ng3 c5 10. dxc5 Nd7 11. N1e2 Nxc5 12.
Bc2 Qh4 13. Qd5 Qe7 $15 {Kasparian,G-Zagoriansky,E/Moscow 1947/EXT 99}) 5... f5
$5 (5... Bg7 6. e4 dxe4 7. Qxe4+ Qe7 8. Qxe7+ Kxe7 9. O-O-O Rd8 10. Bc4 c6 11.
d5 cxd5 12. Nxd5+ Kf8 13. Ne2 Nc6 $11 {Zoeller,K-Baeumer,L/Germany 1992/TD}) 6.
Qg3 Bg7 (6... Bd6 $6 7. Qe3+ Be7 8. Qe5 {[%cal Ge5d5,Ge5h8]} O-O 9. Nxd5 Bd6
10. Qe3 $14) 7. Nb5 $5 Na6 8. Qa3 c5 $6 {Of course black could easily equalize
after} (8... Qe7 $5 9. Qxe7+ Kxe7 10. e3 c6 11. Na3 Nc7 12. c4 $11 {, but
Beliavsky is looking for more and as it oftenly happens finds himself in
troubles.}) 9. dxc5 O-O 10. e3 Qe7 11. Nd6 Nxc5 (11... d4 $6 12. Bxa6 bxa6 13.
O-O-O dxe3 14. Qxe3 Be6 15. Nf3 Rab8 16. Nd4 $16) 12. Qxc5 Rd8 13. O-O-O (13.
Nxb7 $2 Qxb7 {[%csl Rb2]} 14. Rb1 Bxb2 15. Bb5 Bg7 $17) 13... Qxd6 (13... Rxd6
$2 14. Rxd5 Bf8 15. Rxd6 Qxd6 16. Qxd6 Bxd6 17. Nf3 $16) 14. Qxd6 Rxd6 15. Nf3
b5 $5 16. Nd4 (16. Bxb5 Rb8 $36 {[%csl Rb2][%cal Gb8b2]}) 16... b4 17. Be2 Be6
18. Rd3 a5 19. Rhd1 a4 20. Bf3 $14 Ra5 $6 {It was necesary to play} (20... a3
21. bxa3 Rxa3 22. Rxa3 bxa3 23. Rd3 Ra6 24. Kd2 $14 {[%csl Ra3,Rd5] although
white keeps better chanses}) 21. a3 $1 $16 bxa3 22. Rxa3 {[%csl Ra4,Rd5][%cal
Gb2b4] Threatening to play b4} Rb6 23. c3 Bf8 (23... Raa6 24. Nc2 $16 {[%cal
Gc2b4]}) 24. b4 $1 {Now black won't be able to defend on a4 and d5.} Ra8 25.
Kd2 (25. Nxe6 $2 fxe6 26. Rxd5 Rc8 $1 $11 {[%cal Gf8b4]}) 25... f4 26. Rda1
fxe3+ 27. fxe3 Bd7 28. Bxd5 $18 {[%csl Gd5]} Re8 29. Rf1 Re7 30. Kd3 Bg7 31. e4
Be8 32. Ra2 Rc7 33. Rb1 {[%cal Gb4b5] Preparing the advance of the pawns} Bf8
34. b5 a3 35. c4 Bc5 36. Nc2 Ra7 37. Rba1 Kg7 38. Rxa3 $1 {[%cal Gc4c5,Gb5b6]}
Bxa3 39. Rxa3 Rc7 40. Nd4 Rb8 41. Ra6 Kf8 42. b6 Rc5 43. Kc3 {[%cal Gc3b4,
Gc4c5]} 1-0

[Event "Abu Dhabi op 13th"]
[Site "Abu Dhabi"]
[Date "2003.08.20"]
[Round "5"]
[White "Raetsky, Alexander"]
[Black "Poluljahov, Aleksandr"]
[Result "0-1"]
[WhiteElo "2438"]
[BlackElo "2530"]
[Annotator "Finkel,A"]
[PlyCount "88"]
[EventDate "2003.08.16"]
[EventType "swiss"]
[EventRounds "9"]
[EventCountry "UAE"]
[SourceTitle "CBM 097"]
[Source "ChessBase"]
[SourceDate "2003.11.11"]
[SourceVersion "1"]
[SourceVersionDate "2003.11.11"]
[SourceQuality "1"]

1. d4 Nf6 2. Nc3 d5 3. Bg5 Nbd7 4. Qd2 e6 5. O-O-O Be7 (5... Bb4 6. f3 c6 7. a3
Bxc3 8. Qxc3 Ne4 9. Bxd8 Nxc3 10. bxc3 Kxd8 11. e4 b6 $15 {Fischer,M-Grafe,W/
Marktredwitz 1984}) (5... c5 6. Nf3 Be7 7. h4 cxd4 8. Nxd4 a6 9. f3 h6 10. Bxf6
Nxf6 $13 {Norri,J-Kopsa,P/FIN 1987}) 6. f3 c5 (6... b6 7. e4 Bb7 8. Bd3 a6 9.
e5 Ng8 10. Be3 c5 11. g4 cxd4 12. Bxd4 Bc5 $11 {Kiefer,D-Schramenko,A/
Sargenroth 1998}) 7. dxc5 Nxc5 $1 {The most accurate continuation forcing
white to initiate multiple changes.} (7... O-O 8. e4 Nxe4 9. Bxe7 Nxd2 10. Bxd8
Nxf1 11. Bg5 h6 12. Bf4 g5 13. Nge2 gxf4 14. Rhxf1 Nxc5 15. Nxf4 $13) 8. e4
dxe4 9. Bb5+ (9. Qxd8+ $2 Bxd8 10. Bb5+ Bd7 11. Bxf6 (11. Bxd7+ Nfxd7 12. Bxd8
exf3 $17) 11... exf3 $1 $17) 9... Bd7 10. Bxf6 Bxf6 11. Bxd7+ Qxd7 12. Qxd7+
Nxd7 13. Nxe4 Be5 14. g3 {The position is about equal, but black keeps
symbolic advantage due to the strong bishop.} (14. Nd6+ $6 Ke7 15. Nxb7 Rab8
$17 {[%csl Rb2]}) 14... Nf6 15. Nxf6+ (15. c3 Ke7 16. Nxf6 Bxf6 17. Ne2 $11)
15... Bxf6 16. f4 Ke7 17. Nf3 Rhd8 18. c3 Rac8 19. Kc2 (19. Rxd8 Rxd8 20. Rd1
Rc8 21. Kc2 Rc5) 19... Rxd1 20. Rxd1 Rc5 21. a4 h6 22. h4 {White's plan is to
trade as many pawns as he can.} g5 23. hxg5 hxg5 24. fxg5 Bxg5 25. b4 (25. g4
$5) 25... Rf5 26. Rd3 (26. Rf1 Bf6 27. a5 Bg7 28. c4 Rf6 29. Kd3 Rg6 30. Rg1 f5
$15) (26. Nxg5 Rxg5 27. Rd3 Rg4 28. Kb3 f5 29. c4 $11 e5 30. c5 Rg8 31. Kc4 Rd8
32. Rxd8 $1 Kxd8 33. Kd5 e4 34. Kd4 Ke7 35. g4 fxg4 36. Kxe4 Ke6 37. b5 g3 38.
Kf3 Kd5 39. c6 bxc6 40. bxc6 Kxc6 41. Kxg3 Kc5 42. Kf3 Kb4 43. Ke3 Kxa4 44. Kd2
Kb3 45. Kc1 $11) 26... Bf6 27. a5 Rh5 28. g4 Rh3 29. g5 Bg7 30. Kd2 (30. c4 e5
31. Nd2 Rh2 32. Kb3 Re2 33. Nf1 $13) 30... Rg3 31. Re3 a6 32. Kd3 Rg4 33. Ke2
Rc4 34. Kd2 Kd6 35. Rd3+ Ke7 36. Re3 Rg4 37. Kc2 Kd6 38. Rd3+ Kc6 39. Kb3 Rg2
40. Rd8 Rg3 41. Rd3 {[%cal Gf3d4]} Kc7 $1 {[%cal Ge6e5]} 42. Kc4 Rg4+ 43. Kb3
e5 44. Re3 $4 (44. Rd5 e4 45. Nd4 e3 46. Kc2 Bxd4 47. cxd4 Re4 48. Kd1 $11)
44... Rg3 {[%cal Ge5e4]} 0-1

[Event "FIDE-Wch k.o."]
[Site "Moscow"]
[Date "2001.11.29"]
[Round "2.1"]
[White "Zhang, Pengxiang"]
[Black "Pigusov, Evgeny"]
[Result "0-1"]
[WhiteElo "2530"]
[BlackElo "2613"]
[Annotator "Finkel,A"]
[PlyCount "50"]
[EventDate "2001.11.27"]
[EventType "k.o."]
[EventRounds "7"]
[EventCountry "RUS"]
[SourceTitle "CBM 086"]
[Source "ChessBase"]
[SourceDate "2002.02.05"]
[SourceVersion "1"]
[SourceVersionDate "2002.02.05"]
[SourceQuality "1"]

1. d4 Nf6 2. Nc3 d5 3. Bg5 Nbd7 4. Nf3 g6 5. Qd3 Bg7 6. e4 dxe4 7. Nxe4 O-O 8.
O-O-O c5 $5 {This temporary pawn sacrifice promises black good counterchanses.}
(8... c6 9. Kb1 (9. Ng3 Qa5 10. Kb1 e5 11. h4 exd4 12. Nxd4 Nc5 13. Qd2 Qxd2
14. Bxd2 Rd8 $15 {Juglard,E-Kogan,A/Corsica 1997/EXT 99}) 9... Qa5 10. Bd2 Qc7
11. Nxf6+ Nxf6 12. Ne5 Ng4 13. Qg3 Nxe5 14. Bf4 Be6 $11 {Kapengut,A-Vooremaa,A/
Leningrad 1962/MCD}) (8... Nxe4 9. Qxe4 Nf6 10. Qe3 Be6 11. Kb1 c6 12. h3 Qa5
13. a3 Nd5 14. Qd2 Qxd2 15. Rxd2 Rfe8 16. Bd3 h6 17. Be3 Rad8 {1/2-1/2 Madl,
I-Veroci,Z/Balatonfured 1987/EXT 97 (17)}) 9. Nxf6+ (9. d5 Nxe4 10. Qxe4 Qb6
11. c3 Qa5 12. Bxe7 Re8 13. d6 Nb6 $13 {Hoi,C-Geller,E/Reykjavik 1990/CBM 18
ext}) (9. h4 Qa5 10. Kb1 cxd4 11. Nxd4 Nc5 12. Nxc5 Qxc5 13. Be2 e5 14. Nb3 Qc7
$11 {Heberla,B-Maiorov,N/Artek 2000/CBM 78 ext}) 9... Nxf6 10. dxc5 Qa5 {
Winning back a pawn.} 11. Qb5 Qxa2 12. Bc4 Bd7 13. Bxa2 Bxb5 14. Rhe1 e6 15.
Nd4 $5 {Only this move turns to be a new one and it's definitly better than} (
15. Bf4 $6 Bc6 16. Bd6 Rfe8 17. Rd3 Ne4 18. Re2 b6 $17 {Welling,G-Carlier,B/
Wijk aan Zee 1987/TD}) 15... Bd7 16. f3 $6 {White doesn't feel the danger. He
had to play} (16. Nf5 $5 gxf5 17. Bxf6 Bxf6 (17... Bc6 18. Bxg7 Kxg7 19. f3 Kf6
20. Rd6 Rg8 21. Re2 $14) 18. Rxd7 Rfc8 19. Rxb7 Rxc5 20. b4 Rc3 $11 {with
equal chanses.}) 16... Rfc8 17. Be3 (17. b4 $2 a5 $17 {[%csl Ra2]}) 17... Bf8
18. Bg5 Be7 (18... Kg7 19. Nf5+ gxf5 20. Bxf6+ Kxf6 21. Rxd7 Rxc5) 19. Nf5 $8 {
[%csl Rd7]} (19. Nb3 Ba4 $17 {[%csl Rc5]}) 19... gxf5 20. Bxf6 Bxf6 21. Rxd7
Rab8 $15 22. g4 $1 {The best way to fight for a draw.} (22. g3 Rxc5 23. Red1 a5
24. f4 a4 $15) 22... Rxc5 (22... f4 23. b4 a5 24. Re4 $11) (22... fxg4 23. fxg4
Rxc5 24. Rf1 $132 {[%csl Rf7]}) 23. gxf5 Rxf5 24. Rxe6 $1 Bxb2+ $1 25. Kd1 $4 {
Only this uncautious move leads to disaster;after correct} (25. Kb1 $1 Rxf3 (
25... Rb5 26. Re4) 26. Ree7 Bf6 (26... Ba3 27. Rxf7 Rxf7 28. Bxf7+ Kh8 29. Bd5
$11) 27. Bxf7+ Kf8 28. Re1 Bc3 (28... Bh4 29. Bd5) 29. Bd5 $1 $11 {draw seems
to be the most likely result.}) 25... Ra5 0-1

[Event "BIH-chT"]
[Site "Neum"]
[Date "2002.06.03"]
[Round "2.1"]
[White "Markovic, Miroslav"]
[Black "Cvitan, Ognjen"]
[Result "1/2-1/2"]
[WhiteElo "2517"]
[BlackElo "2570"]
[Annotator "Finkel,A"]
[PlyCount "129"]
[EventDate "2002.06.02"]
[EventType "team"]
[EventRounds "9"]
[EventCountry "BIH"]
[SourceTitle "CBM 090"]
[Source "ChessBase"]
[SourceDate "2002.09.20"]
[SourceVersion "1"]
[SourceVersionDate "2002.09.20"]
[SourceQuality "1"]
[WhiteTeam "Sokolac"]
[BlackTeam "Sarajevo Napredak"]
[WhiteTeamCountry "BIH"]
[BlackTeamCountry "BIH"]

1. d4 Nf6 2. Nc3 d5 3. Bg5 c6 4. Qd3 Qa5 5. Bxf6 (5. Bd2 Na6 (5... Qa6 $5 6. e4
Qxd3 7. Bxd3 dxe4 8. Nxe4 Nxe4 9. Bxe4 Nd7 10. Nf3 g6 11. Bd3 Nf6 12. O-O-O $11
{1/2-1/2 Vokac,M-Vesselovsky,S/CZE 1999/EXT 2001 (12)}) (5... g6 6. f3 Qa6 7.
e4 Qxd3 8. Bxd3 b6 9. Bg5 Bg7 10. Nge2 e6 11. b4 Nbd7 12. O-O Bb7 $13 {Hector,
J-Gdanski,J/Gothenborg 1997}) 6. Nd1 Qb6 7. f3 (7. Nf3 Ne4 8. e3 Nb4 9. Bxb4
Qxb4+ 10. c3 Qb6 11. Qc2 g6 12. Bd3 Nd6 13. O-O Bg7 14. Nd2 c5 15. dxc5 Qxc5
16. e4 dxe4 17. Nxe4 Nxe4 18. Bxe4 O-O $11 {Aronian,L-Cherevatenko,R/Decin 1996
}) 7... c5 8. c3 e6 9. e3 Bd7 10. Nh3 Bd6 11. f4 Ne4 $15 {Pimenov,S-Moisieev,O/
Yerevan 1955}) (5. f3 b5 6. Bd2 b4 7. Nd1 Qb6 8. e4 Ba6 9. Qe3 Bxf1 10. Kxf1 e6
11. Ne2 c5 12. c3 Nc6 $132 {Sobolevsky,L-Kosikov,A/Kiev 1998}) 5... exf6 6. e4
Bb4 7. exd5 O-O (7... Qxd5 8. O-O-O Bxc3 9. Qxc3 O-O 10. Nf3 Be6 11. b3 Qd6 12.
Bc4 Bxc4 13. Qxc4 Nd7 14. Rhe1 Rfe8 15. g3 a5 $11 {Leonidov,V-Sanakoev,G/
Voronezh 1997}) 8. Nge2 cxd5 {After this move white gets steady advantage due
to th weakness of the pawn on d5.} (8... Na6 $5 9. O-O-O Rd8 10. Rg1 Bf8 11. g4
Rb8 12. Nf4 Nb4 13. Qc4 b5 14. Qb3 Qc7 $44 {Mestrovic,Z-Bronstein,D/Sarajevo
1971}) 9. O-O-O Nc6 10. Qb5 (10. a3 Bd6 11. g3 Be6 12. Bg2 Rac8 13. Qb5 Qxb5
14. Nxb5 Bb8 $13) 10... Qxb5 11. Nxb5 Rd8 12. Nf4 Ba5 13. c3 a6 14. Na3 Bc7 (
14... b5 15. Nc2 b4 16. cxb4 Nxb4 17. Nxb4 Bxb4 18. Nd3 $14) 15. Nd3 Re8 16.
Nc2 Bg4 17. Rd2 Bf5 18. Ne3 Bxd3 19. Bxd3 $14 {[%csl Rd5] White has very
comfortable positional advantage, but it's very difficult forhim to break
through.} Bf4 20. Re2 g6 21. g4 $6 {Very dubious move after which white is
hardly better anymore.} (21. Rhe1 Kf8 22. g3 Bh6 23. f4 Rad8 24. Kc2 f5 25. Ng2
Rxe2+ 26. Rxe2 Bg7 $14) 21... Re6 22. Kd1 Rd8 23. h3 b5 24. Rhe1 Bc7 25. Nc2
Rdd6 26. Re3 (26. f4 Rxe2 27. Rxe2 Kf8 28. f5 Ne7 29. Ne3 $14) 26... Kf8 27.
Bf1 Na5 $5 28. b3 Nc6 29. b4 Ne7 30. Na1 Rxe3 31. Rxe3 f5 $132 {Getting rid of
double pawn.} 32. Nb3 fxg4 33. hxg4 Rf6 34. Ke1 Bf4 35. Re2 (35. Rh3 Kg7 36.
Nc5) 35... Bd6 36. Re3 Bf4 37. Rh3 Kg7 38. Nc5 h6 39. Bd3 Nc8 40. Kf1 Bd2 41.
Be2 Ne7 $6 {Too passive. The right idea was} (41... Nd6 $5 {[%cal Gd6e4,Gd6c4]}
42. Rd3 Nc4 43. Rf3 Rxf3 44. Bxf3 Bxc3 45. Bxd5 Na3 $11 {with a draw.}) 42. Rd3
Bf4 43. Bd1 g5 44. a4 bxa4 45. Bxa4 Rd6 46. Rd1 Ng6 47. Bc2 Nh4 48. Bd3 Rf6 49.
Ke2 $6 {Missing good winning chances after} (49. Bxa6 Be3 50. Ke2 Bxf2 51. Bb7
Ng6 52. Nd3 $16) 49... Bd6 50. Nxa6 Ng2 51. Nc5 Nf4+ 52. Kf1 h5 53. gxh5 g4 54.
Bc2 (54. Be2 $5 Nh3 55. Nd3 Nxf2 56. Nxf2 g3 57. Rd3 Rxf2+ 58. Ke1 Rh2 59. Bf3
$14) 54... Rh6 55. Nd3 Rxh5 56. Nxf4 Bxf4 57. b5 Bc7 58. Kg1 Rh3 59. Bf5 Rxc3
$11 60. Bxg4 Bb6 61. Be2 Rb3 62. Kg2 Kf6 63. Rh1 Bxd4 64. Rh4 Ke5 65. Rh1
1/2-1/2

[Event "EU-Cup 21st"]
[Site "Saint Vincent"]
[Date "2005.09.18"]
[Round "1.3"]
[White "Van der Werf, Mark"]
[Black "Jakovenko, Dmitrij"]
[Result "0-1"]
[WhiteElo "2397"]
[BlackElo "2627"]
[Annotator "Finkel,A"]
[PlyCount "68"]
[EventDate "2005.09.18"]
[EventType "team-swiss"]
[EventRounds "7"]
[EventCountry "ITA"]
[SourceTitle "CBM 110"]
[Source "ChessBase"]
[SourceDate "2006.01.31"]
[SourceVersion "1"]
[SourceVersionDate "2006.01.31"]
[SourceQuality "1"]
[WhiteTeam "Leerdams"]
[BlackTeam "Tomsk 400"]
[WhiteTeamCountry "NED"]
[BlackTeamCountry "RUS"]

1. d4 Nf6 2. Bg5 d5 3. e3 c5 4. Bxf6 gxf6 5. Nc3 Nc6 6. Qh5 (6. Nf3 Bg4 7. Be2
e6 8. O-O Rc8 9. dxc5 Bxc5 10. Nd4 Bxe2 11. Ncxe2 f5 12. Nxc6 bxc6 $13 {
Mensch,E-Zagrebelny,S/Metz 2002}) 6... e6 7. O-O-O Bd7 (7... f5 8. f4 c4 $6 9.
g4 fxg4 10. e4 Ne7 11. f5 exf5 12. exd5 Qd6 13. Re1 $14 {Knaak,R-Georgiev,V/
Germany 1999}) (7... cxd4 8. exd4 Bb4 9. Nge2 Bd7 10. f4 Qe7 11. Nb5 Rc8 12. f5
Kd8 13. g3 a6 14. Nbc3 Na5 15. Rd3 Nc4 $15 {Berkes,F-Timofeev,A/Oropesa del
Mar 1999}) 8. Nge2 f5 (8... cxd4 9. exd4 f5 10. Rg1 Qf6 11. f4 Qg6 12. Qf3 h5
13. g3 O-O-O 14. Kb1 Kb8 $15 {Sebestyen,B-Varadi,V/Paks 2004}) 9. g4 cxd4 10.
exd4 fxg4 11. Qxg4 h5 12. Qg2 Qe7 13. f4 O-O-O 14. Rg1 $6 (14. f5 Rg8 15. Qf3
Qf6 16. Bh3 Bd6) 14... Qf6 $15 15. Kb1 Bd6 16. Qf3 Rdg8 17. Rxg8+ (17. Bh3 $2
Rxg1 18. Rxg1 Nxd4 $19) 17... Rxg8 18. Bh3 Ne7 19. Qxh5 Rh8 20. Qf3 Qh6 21. Bg2
Ng6 22. a3 (22. Rf1 Nh4 23. Qf2 Nxg2 24. Qxg2 Qxh2 25. Qxh2 Rxh2 $15) 22...
Nxf4 23. Nxf4 Qxf4 24. Qxf4 Bxf4 25. h3 Rg8 26. Bf1 (26. Ne2 Bd6 27. Bf3 Rh8
28. Rh1 Rh4 29. c3 $15) 26... f5 $1 {[%cal Gf4e3,Gf5f4]} 27. Ne2 Be3 28. Nc1
Rg1 29. Ne2 (29. Be2 Rxd1 30. Bxd1 Bxd4 $19) 29... Rh1 30. Ng3 Rh2 $19 31. Nh5
{[%csl Rh5]} Be8 32. Ng7 Bf7 {[%csl Rg7]} 33. Re1 Bd2 34. Re2 Rh1 0-1

[Event "ESP-chT"]
[Site "Sanxenxo"]
[Date "2004.11.24"]
[Round "7"]
[White "Garcia Padron, Jose"]
[Black "Tiviakov, Sergei"]
[Result "0-1"]
[WhiteElo "2429"]
[BlackElo "2617"]
[Annotator "Finkel,A"]
[PlyCount "108"]
[EventDate "2004.11.18"]
[EventType "team"]
[EventRounds "9"]
[EventCountry "ESP"]
[SourceTitle "CBM 105"]
[Source "ChessBase"]
[SourceDate "2005.04.11"]
[SourceVersion "1"]
[SourceVersionDate "2005.04.11"]
[SourceQuality "1"]

1. d4 Nf6 2. Nc3 d5 3. Bg5 Bf5 4. Bxf6 exf6 5. e3 Be6 6. Bd3 f5 7. Qf3 {
This line is harmless for black since white knight is a bit misplaced on c3.} (
7. Nf3 Nd7 8. Ne2 (8. O-O c6 9. Ne2 Bd6 10. Rc1 O-O 11. c4 dxc4 12. Bxc4 Bxc4
13. Rxc4 Nb6 14. Rc1 Qe7 $11 {Small,S-Arkell,K/Edinburgh 1985}) 8... Bd6 9. O-O
O-O 10. Nd2 Nf6 11. Rc1 c6 12. c4 dxc4 13. Bxc4 Re8 14. Bxe6 Rxe6 15. g3 $14 {
Maljutin,E-Tiviakov,S/Forli 1992}) 7... g6 8. Nge2 c6 9. h3 $6 {It makes more
sense to put a pawn on h4 since white can't rtransfer g4 anyway.} (9. Nf4 Nd7
10. h4 Nf6 11. Nce2 Bd7 12. c4 Qa5+ 13. Nc3 Qb4 14. Qe2 dxc4 15. Bxc4 Bd6 $13 {
Tiberkov,I-Spassov,L/Sofia 1988}) 9... h5 10. O-O-O Nd7 11. Nf4 Nf6 12. Nxe6
fxe6 13. Qg3 (13. Ne2 Ne4 14. Nf4 Qf6 15. Bxe4 fxe4 16. Qg3 g5 $15) 13... Rg8
14. f3 Qd6 15. Qxd6 $6 {After the trade of queens white finds himslef in the
inferior position o it was better to play} (15. Qe1 O-O-O 16. e4 dxe4 17. fxe4
fxe4 18. Bxe4 Nd5 $11 {with equality.}) 15... Bxd6 16. e4 Bf4+ 17. Kb1 h4 $1 {
[%csl Rg2] Making sure that white won't be able to get rid of the weakness on
g2.} 18. e5 (18. Rhe1 Bg3 19. Re2 Kf7 $15) 18... Nd7 19. Ne2 Bh6 20. c3 (20.
Rhf1 $5 {[%cal Gf3f4,Ge2g1,Gg1f3]}) 20... Ke7 21. b4 b6 22. Kb2 (22. Ba6 Rad8
23. Kc2 Nb8 24. Bd3 c5 $15) 22... Rgc8 23. a3 c5 24. Ba6 (24. Rhe1 Be3 25. Ba6
Rc7 26. Nc1 cxd4 (26... f4) 27. cxd4 Rxc1 28. Rxc1 Bxd4+ 29. Kb3 Bxe5 $15)
24... Rc7 25. Rhg1 cxd4 26. cxd4 Nb8 27. Bd3 Be3 28. Rgf1 Nc6 29. Ba6 f4 $17 {
[%csl Rd4,Rg2][%cal Ga8h8,Gh8h5,Gh5g5] Preparing Ra8-h8-h5-g5.} 30. Kb3 (30.
Rc1 Kd7 31. Bb5 (31. Rcd1) 31... Bxc1+ 32. Rxc1 g5 33. Rc3 a6 34. Bxc6+ Rxc6
35. Rxc6 Kxc6 36. a4 a5 37. b5+ Kd7 $19) 30... Rh8 31. Kb2 Rh5 32. Rc1 $2 (32.
Rh1 Rg5 33. Rh2 $17) 32... Kd8 $1 33. Rcd1 Rg5 $19 34. Rg1 Ne7 $5 (34... Bxg1
35. Rxg1 Rf7 36. Kc3 Rh5 37. Bd3 Rh6 38. Kd2 g5 39. Rc1 Rc7 40. Rc2 Rh8 $17)
35. Bd3 Nf5 36. Bb1 Rf7 $1 {[%csl Gf4][%cal Ge3g1,Gf5e3]} 37. Bxf5 gxf5 38. Kc2
Rfg7 39. Rh1 Rxg2 40. Kd3 Ke8 41. b5 Rf2 42. Rhf1 Rxf1 43. Rxf1 Rg3 $1 44. a4
Rxh3 45. a5 bxa5 46. Ra1 Rxf3 47. Rxa5 Rf1 48. Rxa7 Rd1+ 49. Kc2 Rd2+ 50. Kc3
f3 51. Nf4 Rxd4 (51... f2 52. Ra1 Bxd4+ 53. Kxd2 Bxa1 54. Ke2 Kf7 55. Nd3 Bd4
$19) 52. b6 Rxf4 53. Ra8+ Kd7 54. b7 Bd4+ 0-1

[Event "EU-ch 5th"]
[Site "Antalya"]
[Date "2004.05.22"]
[Round "7"]
[White "Gashimov, Vugar"]
[Black "Jonkman, Harmen"]
[Result "1-0"]
[WhiteElo "2565"]
[BlackElo "2421"]
[Annotator "Finkel,A"]
[PlyCount "69"]
[EventDate "2004.05.15"]
[EventType "swiss"]
[EventRounds "13"]
[EventCountry "TUR"]
[SourceTitle "CBM 101"]
[Source "ChessBase"]
[SourceDate "2004.07.27"]
[SourceVersion "1"]
[SourceVersionDate "2004.07.27"]
[SourceQuality "1"]

1. d4 d5 2. Nc3 Nf6 3. Bg5 Nbd7 4. f3 h6 5. Bxf6 $6 (5. Bh4) 5... Nxf6 6. e4 e6
7. e5 {Transposing into french defense formation without the dark-squared
bishop. An absence of the bishop proves to be crucial under the circumstances.}
(7. Bd3 c5 8. Bb5+ Bd7 9. Bxd7+ Qxd7 10. e5 Ng8 11. Nge2 Rc8 12. O-O Ne7 13.
dxc5 Nf5 $13 {Alekhine,A-Jesty,E/London 1926}) (7. Qd2 dxe4 (7... a6 8. a3 c5
9. dxc5 Bxc5 10. O-O-O O-O 11. exd5 exd5 12. Nge2 Re8 13. Kb1 b5 14. Nxd5 Bb7
15. Nec3 Nxd5 16. Nxd5 Rc8 $44 {Gelazonia,P-Kacheishvili,G/Batumi 2003}) 8.
fxe4 e5 9. dxe5 Qxd2+ 10. Kxd2 Ng4 11. Nf3 g5 12. h3 Nf2 13. Rh2 g4 14. hxg4
Nxg4 15. Rh5 $14 {Kashashvili,A-Khurtsidze,N/Batumi 2003}) (7. exd5 Nxd5 8.
Nxd5 Qxd5 9. Bd3 Bd6 10. Qd2 Bd7 11. Ne2 Qg5 $11 {Herz,T-Dubeck,M/Badenweiler
1995}) (7. Nge2 Bb4 8. a3 Ba5 9. b4 Bb6 10. e5 Nd7 11. g3 O-O 12. Bh3 a5 13. f4
Qe7 $13 {Rieck,H-Franck,R/Weilburg 1998}) (7. Qd3 $6 Be7 8. O-O-O O-O 9. f4 c5
10. dxc5 Bxc5 11. Kb1 Ng4 12. Nh3 Ne3 $17 {Sasu Ducsoara,A-Petronic,S/Banja
Dvorovi 2000}) 7... Ng8 {Intending to transfer the knight to c6.} (7... Nd7 8.
f4 c5 9. Nf3 (9. Qg4 cxd4 10. Nb5 Qa5+ 11. Kf2 d3 12. Bxd3 Nc5 13. Nc3 Nxd3+
14. cxd3 Qb6+ 15. Kg3 Bd7 $17 {Rossetto,H-Rodriguez Vargas,O/La Serena 1972})
9... a6 10. Qd2 cxd4 11. Nxd4 Be7 12. Bd3 Qb6 13. Nb3 g5 $1 $15 {Rossetto,
H-Poch,C/Buenos Aires 1973}) 8. f4 c5 9. Nf3 Ne7 10. dxc5 Nc6 11. Na4 $2 {
Very bad decision. After 11.Na4 white is in serious troubles.} Qa5+ 12. c3 Bd7
{[%csl Ra4]} 13. b3 (13. b4 $2 Nxb4 14. cxb4 Qxb4+ $19) 13... Bxc5 {I guess
white have just overlooked that this move is possible.} (13... Nd8 $5 14. Qd4
Bxa4 15. Qxa4+ Qxa4 16. bxa4 Bxc5 $15) 14. a3 (14. Nxc5 $2 Qxc3+ $17) 14... Be3
15. b4 Qc7 16. g3 g5 $1 $19 17. Nc5 gxf4 18. gxf4 Bxf4 19. Nxd7 Qxd7 $6 ({
Far more convincing was} 19... Kxd7 $1 $19 {[%csl Re5] with completely winning
position.}) 20. Bb5 Rg8 21. Kf2 a6 (21... O-O-O) 22. Bxc6 Qxc6 23. Qd4 Rg4 $2 (
23... Bg5 24. Rhg1 O-O-O 25. Rg3 Rg6 26. Rag1 Rdg8 27. h4 Bd8 $17) 24. Rag1 $1
$13 Rxg1 (24... Bg3+ 25. Rxg3 Rxd4 26. Nxd4 Qc7 27. Rg8+ Ke7 28. Rxa8 Qxc3 29.
Rd1 $13) 25. Rxg1 Bg5 26. Nxg5 hxg5 27. Rxg5 Rc8 $4 (27... O-O-O 28. Rg7 (28.
Qc5 $2 Qxc5+ 29. bxc5 Kc7 30. Rg7 Rf8 31. Ke3 Kc6 32. Kd4 f6 33. h4 fxe5+ 34.
Kxe5 Rf3 $15) 28... Rf8 29. h4 $14) 28. Qf4 $1 $18 {[%csl Re8]} Qb6+ 29. Kg2 f5
30. exf6 Kd7 31. Rg7+ Kc6 32. a4 Qd8 33. Qd4 Qd6 34. c4 b6 35. b5+ 1-0